[Event "ISR-chT 2020"]
[Site "Israel"]
[Date "2020.01.10"]
[Round "1.1"]
[White "Dvoirys, Semen I."]
[Black "Emanuel, Yahav"]
[Result "0-1"]
[WhiteElo "2466"]
[BlackElo "2356"]
[Annotator "TA"]
[PlyCount "92"]
[EventDate "2020.01.10"]
[EventType "team-tourn"]
[EventCountry "ISR"]
[SourceTitle "playchess.com"]
[Source "ChessBase"]
[SourceQuality "1"]

{[%evp 17,92,4,16,15,11,0,56,61,57,58,69,4,12,0,0,0,0,0,33,39,99,97,126,0,0,0,0,-43,48,12,47,42,104,-88,-90,-153,-117,-112,-90,-89,-39,-74,-74,-83,-77,-83,0,-104,-110,-221,-220,-212,-133,-120,0,-208,-131,-129,-129,-197,-179,-205,-202,-291,-217,-296,-286,-328,-320,-331,-331,-327,-299,-541,-541,-457,-445]} 1. e4 e5 2. Nf3 Nc6 3. Bb5 Bc5 4. c3 Nf6 5. O-O O-O 6. d4 Bb6 7. Bg5 h6 8. Bh4 d6 9. Bxc6 bxc6 10. Nbd2 {C65: Ruy Lopez: Berlin Defence (3...Nf6), unusual lines and 4 0-0 Bc5} exd4 11. cxd4 g5 $146 {[#]} (11... Re8 $11) ({Predecessor:} 11... Re8 12. Qa4 Bd7 13. e5 g5 14. Nxg5 hxg5 15. Bxg5 dxe5 16. dxe5 Rxe5 17. Qh4 Rxg5 18. Qxg5+ {½-½ (27) Stellwagen,D (2630)-Nielsen,P (2680) Amsterdam 2009}) 12. Nxg5 $1 $14 {[%mdl 512] White is slightly better.} hxg5 13. Bxg5 {And now e5 would win.} Re8 {[#]} 14. e5 $1 {[%mdl 512]} dxe5 $11 {[#] aiming for ...e4.} 15. Ne4 $1 {[%mdl 512]} Nxe4 (15... Re6 $2 16. Bxf6 Rxf6 17. dxe5 $18) 16. Bxd8 Rxd8 17. Qh5 Rxd4 (17... exd4 $5 {[%cal Rd8d5]} 18. Qe5 f5 $11) 18. Rae1 Be6 (18... Bd7 $14) 19. Qxe5 Bd5 20. Kh1 (20. Re3 $16 {Hoping for Rh3.} Nxf2 21. Qg5+ (21. Kxf2 $2 Re4 $19 {[%mdl 64] Pin}) (21. Rxf2 Rd1+ {[%mdl 64] Discovered Attack} 22. Re1 Rxe1+ 23. Qxe1 Bxa2 $16) 21... Kf8 22. Qe7+ Kg8 23. Rxf2 (23. Qg5+ Kf8 $16) 23... Rd1+ {[%mdl 64] Discovered Attack} 24. Re1 Rxe1+ 25. Qxe1) 20... f6 21. Qh5 {Black must now prevent f3.} Kg7 $1 22. f3 Rh8 (22... Nd6 $1 $15) 23. Qg4+ $14 {[%mdl 64] Double Attack} Ng5 24. Re7+ Kg6 ({Black should try} 24... Kf8 $1 $14 25. Qc8+ (25. Qd7 Bf7 $14) 25... Kxe7 26. Qxh8 Bxa2) 25. Qg3 $2 (25. f4 $16 {is forced if you want to stay better.}) 25... Rdh4 $1 $17 26. Rd7 (26. b3 $142) 26... Bxa2 ({Much less strong is} 26... Rxh2+ 27. Qxh2 Rxh2+ 28. Kxh2 $15) 27. f4 {[%mdl 64] Pin} Rxh2+ (27... Be6 {is more complex.} 28. Rd8 Rxh2+ 29. Qxh2 Rxh2+ 30. Kxh2 Ne4) 28. Qxh2 Rxh2+ 29. Kxh2 Ne4 30. f5+ {[#]} Kh6 $1 31. Rf4 Nd6 (31... Bd5 $17 32. Rg4 Kh5) 32. g4 (32. Rg4 $1 $11 Nxf5 33. Rd8) 32... Bd5 33. Kg3 (33. b4 $17) 33... Ne4+ $19 34. Kh3 Nf2+ 35. Kg3 {[#]} Ne4+ (35... Nd3 $1 $17 {[%cal Rd3f4]} 36. Rf1 Bc5) 36. Kh3 $1 Ng5+ 37. Kg3 a5 38. Rf1 (38. Rd8 $17 {might work better.}) 38... Ne4+ 39. Kf4 {[%cal Rf1h1]} Nc5 40. Re7 (40. Rd8 $142) 40... Nd3+ {[%mdl 64] Double Attack} 41. Kg3 Bc5 ({Don't take} 41... Nxb2 42. Rc1 $19) 42. Rd7 Bd6+ (42... Nxb2 43. Re1 $19) 43. Kh4 Ne5 ({Resist} 43... Nxb2 44. Rb1 $19) 44. Rd8 Bg2 45. Rxd6 $2 (45. Rh8+ {was called for.} Kg7 46. Rf2) 45... cxd6 46. Ra1 Bf3 {Accuracy: White = 35%, Black = 57%.} 0-1

[Event "ISR-chT 2020"]
[Site "Israel"]
[Date "2020.01.10"]
[Round "1.2"]
[White "Ben-Menachem, Itzhak"]
[Black "Khmelniker, Ilya"]
[Result "1/2-1/2"]
[WhiteElo "2316"]
[BlackElo "2481"]
[Annotator "TA"]
[PlyCount "56"]
[EventDate "2020.01.10"]
[EventType "team-tourn"]
[EventCountry "ISR"]
[SourceTitle "playchess.com"]
[Source "ChessBase"]
[SourceQuality "1"]

{[%evp 21,56,8,15,15,22,25,9,21,20,20,15,16,20,20,40,35,104,100,107,110,107,104,103,100,102,106,104,106,102,93,124,111,130,111,221,220,202]} 1. d4 Nf6 2. c4 g6 3. Nc3 d5 4. Nf3 Bg7 5. cxd5 Nxd5 6. e4 Nxc3 7. bxc3 c5 8. Be3 Qa5 9. Qd2 O-O 10. Rc1 Rd8 11. d5 e6 12. Bg5 {D85: Exchange Grünfeld: Unusual White 7th moves and lines with 7 Nf3} f6 13. Be3 Nc6 14. Bd3 {The position is equal.} Ne7 15. c4 Qxd2+ 16. Nxd2 b6 17. O-O {[#]} Ba6 $146 {[%cal Re6d5]} ({Predecessor:} 17... h6 18. Rfd1 f5 19. f3 g5 {½-½ (27) Onischuk,A (2682)-Svidler,P (2751) Tbilisi 2017}) 18. Bc2 e5 (18... Nc8 $14) 19. a4 $16 {[%cal Ba2a4,Ba4a5][%mdl 32]} Nc8 20. a5 Nd6 21. Bd3 f5 {[#] Threatens to win with ...f4.} 22. f3 f4 23. Bf2 Bf6 24. Ra1 Rdb8 25. Rfb1 Be7 26. Ra2 Kf7 27. Kf1 b5 {[#]} (27... Bd8 $16 {keeps fighting.} 28. g3 g5) 28. cxb5 $1 $18 ({Less strong is} 28. Bxc5 Nxc4 29. Bf2 Rc8 $14) 28... Bxb5 {Accuracy: White = 83%, Black = 45%.} 1/2-1/2

[Event "ISR-chT 2020"]
[Site "Israel"]
[Date "2020.01.10"]
[Round "1.3"]
[White "Shvayger, Yuliya"]
[Black "Lev, Ronen"]
[Result "1/2-1/2"]
[WhiteElo "2346"]
[BlackElo "2342"]
[Annotator "TA"]
[PlyCount "70"]
[EventDate "2020.01.10"]
[EventType "team-tourn"]
[EventCountry "ISR"]
[SourceTitle "playchess.com"]
[Source "ChessBase"]
[SourceQuality "1"]

{[%evp 16,70,20,30,29,18,18,11,22,14,31,27,34,34,34,41,35,25,37,41,58,57,78,69,69,70,77,83,100,101,102,103,129,119,121,121,131,130,131,131,130,126,129,123,119,88,86,0,0,0,0,0,0,0,0,0,0]} 1. e4 e5 2. Nf3 Nc6 3. Bc4 Bc5 4. c3 Nf6 5. d4 exd4 6. e5 d5 7. Bb5 Ne4 8. cxd4 Bb4+ 9. Bd2 {[#] And now Bxb4 would win.} Be7 {C54: Giuoco Piano: 4 c3 Nf6, main lines with 5 d4 and 5 d3} (9... Nxd2 10. Nbxd2 O-O 11. O-O Bd7 12. a3 Ba5 13. Nb3 Bb6 14. Re1 a6 15. Bxc6 Bxc6 16. Nc5 Qe7 17. Rc1 a5 18. Re3 a4 19. Qe2 {1-0 (46) Volokitin,A (2627)-Howell,D (2694) Batumi 2019}) 10. Nc3 O-O 11. O-O Bg4 {next ...Nxd4! is good for Black.} 12. Be3 f6 13. exf6 Bxf6 14. Nxe4 dxe4 15. Bxc6 bxc6 16. Qb3+ Qd5 $146 ({Predecessor:} 16... Kh8 17. Ne5 Bxe5 18. dxe5 Qe8 19. Qc4 Qxe5 20. Qxc6 Rae8 21. Rac1 Qxb2 22. Qxc7 Qxa2 {½-½ (22) Naqopia,G (1857)-Egin,V (2317) Moscow 2018}) 17. Ne5 Bxe5 18. dxe5 Rfe8 19. Rfc1 Qxb3 20. axb3 Rxe5 21. Rxc6 Rd5 22. Rxc7 a6 23. h3 Be2 24. Re7 Rad8 25. Rxe4 Rd1+ 26. Rxd1 Rxd1+ $16 {[%mdl 4096] Endgame KRB-KRB} 27. Kh2 Bb5 28. Bd4 Rd2 29. Rg4 g6 30. Kg3 Rd3+ 31. Kh4 (31. f3 $16) 31... Bd7 $1 $11 {[%cal Rd7g4] The position is equal.} 32. Re4 Bc6 33. Rg4 Bd7 34. Re4 Bc6 35. Rg4 Bd7 {Accuracy: White = 84%, Black = 67%.} 1/2-1/2

[Event "ISR-chT 2020"]
[Site "Israel"]
[Date "2020.01.10"]
[Round "1.4"]
[White "Erenberg, Shlomy"]
[Black "Vydeslaver, Alik"]
[Result "1/2-1/2"]
[WhiteElo "2145"]
[BlackElo "2385"]
[Annotator "TA"]
[PlyCount "26"]
[EventDate "2020.01.10"]
[EventType "team-tourn"]
[EventCountry "ISR"]
[SourceTitle "playchess.com"]
[Source "ChessBase"]
[SourceQuality "1"]

{[%evp 14,26,22,17,24,0,0,0,-2,-11,-11,-11,-13,-13,-25]} 1. d4 d5 2. c4 c6 3. Nf3 e6 4. e3 Bd6 5. Nc3 f5 6. Qc2 Nf6 7. Bd3 Ne4 8. Ne5 (8. O-O O-O 9. Ne5 Nd7 10. Nxd7 {½-½ (10) Ristic,N (2400)-Ivanov,M (2389) Banja Vrujci 2017}) 8... Nd7 {A85: Dutch Defence: 2 c4 Nf6 3 Nc3} 9. Nxd7 Bxd7 {The position is equal.} 10. O-O O-O 11. f3 Nxc3 12. Qxc3 $146 ({Predecessor:} 12. bxc3) 12... Qc7 13. f4 c5 1/2-1/2

[Event "ISR-chT 2020"]
[Site "Israel"]
[Date "2020.01.10"]
[Round "1.5"]
[White "Klenburg, Michael"]
[Black "Klar, Nir"]
[Result "0-1"]
[WhiteElo "2357"]
[BlackElo "2094"]
[Annotator "TA"]
[PlyCount "160"]
[EventDate "2020.01.10"]
[EventType "team-tourn"]
[EventCountry "ISR"]
[SourceTitle "playchess.com"]
[Source "ChessBase"]
[SourceQuality "1"]

{[%evp 18,160,42,23,67,53,75,18,30,0,76,83,81,75,73,50,77,64,77,47,102,48,296,203,124,143,130,118,116,152,110,62,60,-15,-18,-181,-185,-167,-86,-82,-86,-85,-80,-509,-477,-502,-508,-472,-501,-500,-498,-485,-476,-605,-458,-633,-591,-700,-682,-883,-858,-847,-839,-737,-700,-584,0,-737,-733,-597,-574,-469,-386,-336,-280,-29960,-645,-639,-623,-29953,-29959,-29958,-29958,-29951,-29958,-29958,-29957,-29947,-29945,-29956,-11601,-29971,-29968,-29974,-29963,-29970,-29964,-29974,0,-29969,-29968,-29969,-29963,-29970,-29974,-29979,-29980,-29980,-29981,-29981,-29978,-29979,-29978,-29977,-29971,-29976,-29979,-29980,-29979,-29981,-29982,-29982,-29983,-29983,-29984,-29984,-29985,-29985,-29986,-29987,-29988,-29990,-29991,-29991,-29990,-29990,-29991,-29989,-29989,-29989,-29990,-29991,-29992,-29992,-29993]} 1. e4 c5 2. Nf3 g6 3. d4 cxd4 4. Nxd4 Bg7 5. c4 Nc6 6. Nc2 Nf6 7. Nc3 O-O 8. Be2 d6 9. O-O Be6 10. Rb1 a5 {B37: Sicilian: Maroczy Bind with 5...Bg7, sidelines} 11. Be3 (11. b3 a4 12. b4 Rc8 13. f4 Qb6+ 14. Be3 Qd8 15. Qd3 Nb8 16. Na3 Bd7 17. h3 b6 18. Rfd1 {1-0 (49) Kosteniuk,A (2541)-Hou,Y (2673) Beijing 2014}) 11... Nd7 12. Qd2 (12. Na3 $16) 12... Nc5 $11 {The position is equal.} 13. Bh6 $146 ({Predecessor:} 13. f3 f5 14. exf5 Bxf5 15. Rbd1 a4 16. Rfe1 Qa5 17. Nd4 Rae8 {½-½ (17) Robaina Hernandez,C (2182)-Diaz Quesada,G (2162) Camaguey 2010}) 13... Qb6 {[#]} (13... Bxh6 $1 $11 14. Qxh6 f5) 14. Bxg7 $1 $16 Kxg7 15. Ne3 a4 16. h4 Qb4 17. h5 f6 18. f4 Bf7 (18... gxh5 $14 19. Ned5 Qa5) 19. Rf3 ({Better is} 19. Ned5 $16 Qa5 20. Rf3) 19... b5 $2 (19... Ne6 $14) 20. Rg3 (20. cxb5 Nd4 $14) 20... bxc4 21. hxg6 hxg6 22. Nf5+ $1 Kg8 23. Nh6+ Kg7 24. Nxf7 Rxf7 25. Qd5 (25. Bh5 $14 Nd3 26. Bxg6) 25... Qb6 $11 26. Kf1 $2 (26. Rxg6+ $1 $11 {and White stays safe.} Kxg6 27. Bh5+ Kh6 28. Qxf7 (28. Bxf7 $2 {too greedy.} Nd3+ 29. Kh2 Nxf4 $19) 28... Nd3+ 29. Kh1 Nxf4 30. Nd5 {[%mdl 64] Double Attack}) 26... e6 $19 27. Qxc4 {[#]} Rh8 ({Black should try} 27... f5 $1 $19 {...Rh8 is the strong threat.} 28. exf5 Rxf5) 28. Rh3 $17 Rxh3 29. gxh3 f5 $40 {[%mdl 128] Black wants a kill.} 30. Rd1 $2 {[%mdl 8192]} (30. exf5 $17 {is tougher.} Rxf5 31. Kg2) 30... Nxe4 $19 31. Nxe4 fxe4 32. Kg2 Rxf4 33. Rf1 Rxf1 34. Kxf1 Nd4 35. Bg4 d5 36. Qxa4 Qxb2 {And now ...e3 would win.} 37. Qd7+ Kh6 38. Qd8 Qc1+ 39. Kg2 Qd2+ 40. Kf1 Qd3+ 41. Kg2 Qd2+ $2 (41... Qc2+ $19 42. Kg1 Nf5 43. Bxf5 gxf5) 42. Kg1 $2 {[%mdl 8192]} (42. Kf1 $11) 42... Nf3+ 43. Bxf3 Qe3+ {[%mdl 64] Double Attack} ({Weaker is} 43... exf3 44. Qh4+ Kg7 45. Qe7+ Kh8 46. Qf8+ Kh7 47. Qe7+ Kh6 48. Qh4+ Kg7 49. Qe7+ Kh8 50. Qf8+ Kh7 51. Qe7+ Kh8 $11) 44. Kh2 Qf4+ ({Worse is} 44... exf3 45. Qh4+ Kg7 46. Qe7+ Kh8 47. Qe8+ Kh7 48. Qe7+ Kh8 49. Qe8+ Kh7 50. Qe7+ Kh8 $11) 45. Kg1 {Threatens to win with Qh8+.} exf3 {[%mdl 4096] Endgame KQ-KQ} 46. Qh8+ $2 (46. Kf2) 46... Kg5 {( -> ...Qg3+)} 47. Kf2 Qf6 48. Qc8 Qb2+ 49. Kxf3 Qa3+ 50. Kg2 Qxa2+ 51. Kg3 Qb3+ 52. Kg2 Qb2+ 53. Kf3 Qf6+ (53... Qe5 $142 54. Qc5 Qf4+ 55. Kg2 Kh4 56. Qc3 Qe4+ 57. Kf2 e5 58. Qg3+ Kh5 59. Qb3 d4 60. Qg8 Qe3+ 61. Kf1 Qxh3+ 62. Ke2 Qe3+ 63. Kd1 g5 64. Qg7 Kg4 65. Qg6 e4 66. Qe8 Kg3 67. Qe6 g4 68. Qd5 d3 69. Qe5+ Qf4 70. Qa5 Qf1+ 71. Qe1+ Qxe1+ 72. Kxe1 Kf4 73. Kf2 g3+ 74. Ke1 g2 75. Kf2 e3+ 76. Kxg2 d2 77. Kh3 d1=Q 78. Kg2 Qe2+ 79. Kg1 Kg3 80. Kh1 Qh2#) 54. Kg3 d4 55. Qd7 Qf4+ 56. Kg2 Qe4+ 57. Kg3 Qf4+ 58. Kg2 e5 {Black mates.} 59. Qd8+ Qf6 60. Qd5 Kh6 61. Qe4 Qg5+ 62. Kh1 Qg3 63. Qa8 Qxh3+ 64. Kg1 Qe3+ 65. Kg2 Qg5+ 66. Kf3 {[#]} e4+ $1 67. Kf2 (67. Qxe4 Qf5+) 67... Qf4+ 68. Kg2 d3 69. Qh8+ Kg5 70. Qd8+ Kg4 71. Qd7+ Qf5 72. Qd4 Qf3+ 73. Kh2 Qe2+ 74. Kh1 d2 75. Qd7+ Kg3 {[%csl Gg3][%cal Re2h2]} 76. Qd6+ Kf2 77. Qh2+ Ke1 78. Qh4+ Kd1 79. Qe7 Qf3+ 80. Kh2 Ke2 {Accuracy: White = 31%, Black = 61%.} 0-1

[Event "ISR-chT 2020"]
[Site "Israel"]
[Date "2020.01.10"]
[Round "1.6"]
[White "Lavi, Idan"]
[Black "Iliaguev, Nisim"]
[Result "0-1"]
[WhiteElo "2095"]
[BlackElo "2289"]
[Annotator "RC"]
[PlyCount "100"]
[EventDate "2020.01.10"]
[EventType "team-tourn"]
[EventCountry "ISR"]
[SourceTitle "playchess.com"]
[Source "ChessBase"]
[SourceQuality "1"]
[TimeControl "40/5400+30:1800+30"]

1. e4 {[%emt 0:00:00]} c6 {[%emt 0:00:00]} 2. Bc4 {[%emt 0:00:00]} d5 {[%emt 0:00:31]} 3. Bb3 {[%emt 0:00:06]} g6 {[%emt 0:05:32]} 4. e5 {[%emt 0:02:10]} c5 {[%emt 0:06:47]} 5. c3 {[%emt 0:03:32]} c4 {[%emt 0:05:02]} 6. Bc2 {[%emt 0:02:48]} Nc6 {[%emt 0:00:16]} 7. f4 {[%emt 0:03:27]} Nh6 {[%emt 0:02:45]} 8. Nf3 {[%emt 0:04:28]} Qb6 {[%emt 0:00:23]} 9. d4 {[%emt 0:01:30]} cxd3 {[%emt 0:01:34]} 10. Bxd3 {[%emt 0:00:32]} Bf5 {[%emt 0:02:39]} 11. Bxf5 {[%emt 0:22:58]} Nxf5 {[%emt 0:00:02]} 12. Qxd5 {[%emt 0:05:55]} e6 {[%emt 0:00:26]} 13. Qb3 {[%emt 0:10:21]} Qc5 {[%emt 0:00:47]} 14. Na3 {[%emt 0:05:04]} Ne3 {[%emt 0:01:18]} 15. Nd4 {[%emt 0:11:53]} Nxd4 {[%emt 0:05:54]} 16. cxd4 {[%emt 0:01:11]} Qb4+ {[%emt 0:00:45]} 17. Qxb4 {[%emt 0:01:48]} Bxb4+ {[%emt 0:00:02]} 18. Kf2 {[%emt 0:01:37]} Nd5 {[%emt 0:00:22]} 19. Nc2 {[%emt 0:10:01]} Rc8 {[%emt 0:00:08]} 20. Nxb4 {[%emt 0:01:51]} Nxb4 {[%emt 0:00:02]} 21. Rd1 {[%emt 0:02:37]} Rc2+ {[%emt 0:01:32]} 22. Kf3 {[%emt 0:00:43]} Kd7 {[%emt 0:01:57]} 23. Be3 {[%emt 0:02:33]} Rhc8 {[%emt 0:01:16]} 24. a3 {[%emt 0:00:11]} Nd5 {[%emt 0:00:17]} 25. Rab1 {[%emt 0:01:41]} R8c4 {[%emt 0:05:01]} 26. h3 {[%emt 0:02:37]} b5 {[%emt 0:02:32]} 27. g3 {[%emt 0:00:57]} Kc6 {[%emt 0:02:59]} 28. Bf2 {[%emt 0:00:53]} a6 {[%emt 0:00:24]} 29. Be3 {[%emt 0:00:11]} a5 {[%emt 0:03:51]} 30. Bf2 {[%emt 0:00:24]} Ne7 {[%emt 0:01:27]} 31. g4 {[%emt 0:00:46]} Kd5 {[%emt 0:00:19]} 32. Be1 {[%emt 0:00:40]} Nc6 {[%emt 0:01:16]} 33. b3 {[%emt 0:00:32]} Rxd4 {[%emt 0:03:08]} 34. Bf2 {[%emt 0:00:01]} Rc3+ {[%emt 0:02:01]} 35. Kg2 {[%emt 0:00:34]} Rxd1 {[%emt 0:01:41]} 36. Rxd1+ {[%emt 0:00:01]} Ke4 {[%emt 0:00:08]} 37. a4 {[%emt 0:01:24]} b4 {[%emt 0:02:15]} 38. Rd7 {[%emt 0:00:24]} Kxf4 {[%emt 0:00:33]} 39. Rxf7+ {[%emt 0:00:04]} Kxe5 {[%emt 0:00:16]} 40. Bg3+ {[%emt 0:00:54]} Ke4 {[%emt 0:01:12]} 41. Rxh7 {[%emt 0:06:05]} Rxb3 {[%emt 0:00:33]} 42. h4 {[%emt 0:00:31]} Rb2+ {[%emt 0:06:58]} 43. Kh3 {[%emt 0:00:53]} b3 {[%emt 0:00:22]} 44. h5 {[%emt 0:01:00]} gxh5 {[%emt 0:00:30]} 45. gxh5 {[%emt 0:00:39]} Rb1 {[%emt 0:00:56]} 46. Rb7 {[%emt 0:03:10]} b2 {[%emt 0:02:48]} 47. h6 {[%emt 0:00:35]} Nb4 {[%emt 0:00:44]} 48. h7 {[%emt 0:03:36]} Rh1+ {[%emt 0:00:20]} 49. Bh2 {[%emt 0:00:09]} b1=Q {[%emt 0:00:15]} 50. h8=Q {[%emt 0:04:51]} Qf1+ {[%emt 0:00:18]} 0-1

[Event "ISR-chT 2020"]
[Site "Israel"]
[Date "2020.01.10"]
[Round "1.7"]
[White "Zoler, Dan"]
[Black "Gruenfeld, Yehuda"]
[Result "1-0"]
[WhiteElo "2485"]
[BlackElo "2432"]
[Annotator "TA"]
[PlyCount "93"]
[EventDate "2020.01.10"]
[EventType "team-tourn"]
[EventCountry "ISR"]
[SourceTitle "playchess.com"]
[Source "ChessBase"]
[SourceQuality "1"]

{[%evp 21,93,18,28,23,77,57,74,18,39,38,40,49,32,23,122,116,110,109,148,127,324,316,360,366,361,365,335,293,317,306,325,313,320,311,395,379,427,424,434,422,420,421,431,413,462,457,475,430,418,411,439,353,429,393,515,516,489,459,534,527,505,408,403,400,394,382,383,370,562,558,568,545,531,501]} 1. d4 Nf6 2. c4 e6 3. Nf3 d5 4. g3 Be7 5. Bg2 O-O 6. Nbd2 c6 7. O-O b6 8. Qc2 Bb7 9. e4 dxe4 10. Nxe4 Nbd7 11. Rd1 Qc8 12. Nc3 {E09: Closed Catalan: Main Line: 7 Qc2 c6 8 Nbd2} a6 $146 (12... Re8 $11 {keeps the balance.}) ({Predecessor:} 12... b5 13. c5 b4 14. Ne2 Nd5 15. Bg5 f6 16. Bd2 Re8 17. Nf4 Nxf4 18. Bxf4 Nf8 19. Nd2 Ng6 {1-0 (35) Dizdarevic,E (2546)-Kastelic,M (2342) Petrovac 2015}) 13. Bf4 Re8 14. Rd2 ({Better is} 14. Ne5 $16) 14... Bb4 $11 15. Ne5 c5 {Threatening ...Bxg2.} 16. Nxd7 Nxd7 17. d5 e5 (17... exd5 $11 {remains equal.} 18. cxd5 b5) 18. Be3 $16 b5 19. a3 $36 {[%mdl 2048] White is really pushing.} Ba5 20. Rdd1 Qb8 $2 (20... Bxc3 $16 21. Qxc3 Nf6) 21. Ne4 $18 (21. cxb5 Bxc3 22. Qxc3 axb5 $18) 21... Bb6 22. b4 Rc8 23. Bh3 cxb4 24. Bxd7 Rxc4 25. Qd3 Bd4 26. Bxd4 Rxd4 27. Qe3 Rxd5 28. axb4 Qd8 {[#] Strongly threatening ...Qxd7.} 29. Nc5 Qe7 30. Rxd5 Bxd5 31. Qd2 Bc4 32. Rxa6 Rxa6 33. Nxa6 h5 34. Nc5 Qf6 {If only Black now had time for ...Qf3....} 35. Bh3 Qg6 {[#] ...Qb1+ is the strong threat.} 36. Qe1 h4 37. Bg2 Qc2 38. Be4 Qb2 39. gxh4 Be2 40. Nd3 Qc2 41. Nc1 Qxe4 42. Nxe2 ({Not} 42. Qxe2 Qxh4 43. Nd3 (43. Qxe5 Qxb4 44. Qe8+ Kh7 $18) 43... Qd4 $18) 42... Qxh4 43. Ng3 Qd4 44. Qe4 Qa1+ (44... Qd1+ $142 45. Kg2 Qb3 46. Qxe5 Qxb4 47. Qe8+ Qf8 48. Qxb5 Qc8) 45. Kg2 {White is clearly winning.} g6 46. h4 Qc3 47. h5 {Accuracy: White = 79%, Black = 42%.} 1-0

[Event "ISR-chT 2020"]
[Site "Israel"]
[Date "2020.01.10"]
[Round "1.8"]
[White "Berkovich, Mark A"]
[Black "Bakalchuk, Johnatan"]
[Result "0-1"]
[WhiteElo "2323"]
[BlackElo "2443"]
[Annotator "TA"]
[PlyCount "82"]
[EventDate "2020.01.10"]
[EventType "team-tourn"]
[EventCountry "ISR"]
[SourceTitle "playchess.com"]
[Source "ChessBase"]
[SourceQuality "1"]

{[%evp 18,82,-55,-52,-21,-91,-79,-97,-89,-131,-140,-140,-141,-137,-132,-175,-128,-147,-144,-149,-144,-158,-157,-164,-165,-164,-161,-158,-151,-183,-180,-172,-149,-144,-127,-206,-203,-216,-216,-212,-159,-160,-164,-178,-151,-175,-167,-195,-195,-183,-118,-185,-177,-253,-244,-253,-252,-237,-233,-324,-325,-433,-424,-574,-572,-531,-516]} 1. Nf3 g6 2. e4 c5 3. Bc4 Bg7 4. c3 d6 5. d4 cxd4 6. cxd4 Nf6 7. Nc3 O-O 8. Qe2 Nc6 9. O-O Bg4 10. Rd1 Nd7 {And now ...Nxd4! would win. B22: Sicilian: 2 c3} (10... Nh5 $5 {[%cal Rc6d4]} 11. Qe3 Bxf3 12. gxf3 Rc8 $11) 11. Be3 {[#]} (11. Qe3 $11 {keeps the balance.}) (11. Qe3 Bxf3 12. gxf3 e5 13. dxe5 dxe5 14. Bd2 Nd4 15. Rac1 Kh8 16. Nb5 a6 17. Nxd4 exd4 18. Qg5 {½-½ (46) Plotkin,V (2191)-Bluvshtein,M (2520) Ottawa 2007}) 11... e5 $1 $17 {[%cal Re5d4] aiming for ...exd4.} 12. dxe5 Ndxe5 {Black is better.} 13. h3 $146 ({Predecessor:} 13. Nd5 Kh8 14. Bb3 f5 15. exf5 Rxf5 16. Bf4 Qf8 17. Qe3 Bxf3 18. gxf3 Re8 19. Kg2 Nc4 20. Bxc4 Rxe3 21. fxe3 g5 22. Bg3 Rxf3 {0-1 (22) Siger,I (2073)-Fages,J (2147) LSS email 2009}) 13... Nxf3+ 14. gxf3 Bh5 {White must now prevent ...Ne5.} 15. Bf4 Qh4 16. Qe3 Qxh3 17. Bf1 Qxf3 {Threatens to win with ...Bxc3.} 18. Rxd6 Rfd8 19. Qxf3 Bxf3 20. Bg2 Rxd6 21. Bxd6 Bxg2 22. Kxg2 Rd8 23. Bf4 Bxc3 24. bxc3 $19 {[%mdl 4096] Endgame KRB-KRN} Rd3 25. Rb1 b6 26. Rb3 (26. Rc1 $17 {keeps fighting.}) 26... f6 27. Kf1 Kf7 28. Ke2 Rd8 29. Be3 Rc8 30. Rb1 Na5 31. Bd4 Rc4 32. Kd3 Ra4 33. f4 Rxa2 ({Black should try} 33... Nc6 $19 34. Rb2 h5) 34. f5 (34. Rh1 $17 h5 35. f5) 34... Nc6 35. fxg6+ (35. Rf1 $142) 35... hxg6 ({Not} 35... Kxg6 36. Rg1+ Kf7 37. Rf1 $17) 36. Rf1 Nxd4 37. cxd4 Ke6 38. Rc1 Ra3+ 39. Ke2 f5 {Black is clearly winning.} 40. e5 Kd5 41. Kf2 Rd3 {Accuracy: White = 43%, Black = 77%.} 0-1

[Event "ISR-chT 2020"]
[Site "Israel"]
[Date "2020.01.10"]
[Round "1.9"]
[White "Zifroni, Dov"]
[Black "Maryasin, Boris"]
[Result "1/2-1/2"]
[WhiteElo "2452"]
[BlackElo "2315"]
[Annotator "TA"]
[PlyCount "60"]
[EventDate "2020.01.10"]
[EventType "team-tourn"]
[EventCountry "ISR"]
[SourceTitle "playchess.com"]
[Source "ChessBase"]
[SourceQuality "1"]

{[%evp 9,60,26,13,14,19,21,20,12,12,12,12,12,12,12,12,12,12,6,44,37,54,50,78,65,68,73,65,66,91,85,91,68,94,90,110,113,112,70,68,-101,-111,-115,-126,-119,-113,-215,-80,-86,-76,-108,-100,-104,-95]} 1. d4 d5 2. c4 dxc4 3. e4 Nc6 4. Nf3 Bg4 5. Bxc4 Bxf3 6. Qxf3 {D20: Queen's Gambit Accepted: 3 e3 and 3 e4} e6 7. d5 Ne5 8. Qc3 {The position is equal.} Nxc4 9. Qxc4 exd5 10. Qb5+ c6 11. Qxb7 Qc8 12. Qxc8+ Rxc8 13. exd5 cxd5 {[#]} 14. O-O $146 Nf6 15. Be3 a6 16. Bd4 Ne4 17. Nc3 Nxc3 18. Bxc3 Kd7 19. Rfd1 Rc5 20. Rd4 Kc6 21. Ra4 Kb7 22. Re1 Bd6 23. Rg4 Rg8 24. Bxg7 $2 (24. g3 $14 {stays ahead.}) 24... Rc2 $17 25. Rg5 Bc5 26. Rd1 Bxf2+ 27. Kh1 {[#]} (27. Kf1 $17) 27... Bd4 (27... d4 $1 $19 {[%mdl 512] is more deadly.} 28. a3 (28. Bxd4 Rxg5) 28... h5) 28. Bh6 {Black is better.} Rxg5 29. Bxg5 Rxb2 30. g3 {[#]} Rb4 $1 {Accuracy: White = 66%, Black = 52%.} 1/2-1/2